000 00951nam a22001337a 4500
040 _cRUA
082 _aRUB SAM 2021 B643 Or.
100 _aSAM TROP សាំ ទ្រព្យ
245 _aPHYSICAL PROPERTIES OF RIBBED SMOKED SHEET PROCESSED OF LATEX CLONE GT1, PB217,RRIM600 WITH "ALUMIN UM POTASSIUM SULFATE DODECAHYDRATE" KA1(SO4)2.12H20 AND "ALUMINUM SULFATE" A12(SO4)3.12H20. លក្ខណះរូបរបស់កៅស៊ូសន្លឹកកែច្នៃចេញពីទឹកជ័រនៃក្លូន GT1, PB217, RRIM600 បង្កកដោយ "អាលុយមីញ៉ូមប៉ូតាស្យូមស៊ុលផាតដូដេកាអ៊ីដ្រាតេ" KA1(SO4)2.12H20 និង"សាដូសេ" A12(SO4)3.12H20
260 _aPhnom Penh
_bRUA
_c2021
300 _aXIV.58P
_bX.
_c29CM
856 _uhttps://drive.google.com/file/d/1L6c1bHEVPSY6paFaHz0fgEVl7fyc9ufa/view?usp=sharing
942 _cRUB
999 _c22671
_d22671